| 000 | 00567nam a22001457a 4500 | ||
|---|---|---|---|
| 008 | 150515b xxu||||| |||| 00| 0 eng d | ||
| 082 |
_a708 _bD 367w |
||
| 100 |
_aDelvoye,Wim; Bernard Marcadé; _92703 |
||
| 110 |
_aOpenluchtmuseum voor Beeldhouwkunst Middelheim (Antwerp, Belgium) _92704 |
||
| 245 |
_aWim Delvoye _cDelvoye,Wim; Bernard Marcadé; |
||
| 260 |
_aAntwerpen _bOpenluchtmuseum voor beeldhouwkunst Middelhei _c1997 |
||
| 300 |
_a64 p. _b ill. (color) _c29 cm |
||
| 650 |
_xDelvoye,Wim-1965--Exhibiciones _xArte moderno _xS. 20 _92705 |
||
| 700 |
_aDelvoye,Wim _92706 |
||
| 999 |
_c604 _d604 |
||